| 000 | 03072cgm a2200613Mi 4500 | ||
|---|---|---|---|
| 001 | ocn907027290 | ||
| 003 | OCoLC | ||
| 005 | 20251212114409.0 | ||
| 007 | vd ugaizu | ||
| 008 | 100723s2010 cau996 g vleng d | ||
| 020 | _a9786313742745 | ||
| 020 | _a6313742745 | ||
| 024 | 7 |
_a00097368952942 _2gtin-14 |
|
| 024 | 1 | _a097368952942 | |
| 028 | 4 | 2 |
_a895294 _bCBS DVD/Paramount |
| 035 | _a(OCoLC)907027290 | ||
| 040 |
_aAZH _beng _erda _cAZH _dOCLCO _dOCLCF _dOCLCO _dOCLCQ _dOCLCO _dOCL _dOCLCO _dOCLCQ _dWACOL |
||
| 041 | 1 |
_aeng _heng |
|
| 049 | _aWACL | ||
| 092 |
_aDVD _bGoo |
||
| 245 | 0 | 4 | _aThe good wife : the first season / |
| 250 | _aWidescreen. | ||
| 264 | 1 |
_aHollywood, California : _bCBS DVD/Paramount, _c[2010] _c©2010. |
|
| 264 | 1 |
_bUniversal Studios Home Entert. _aCBS Television Studios ; Paramount ; created by Michelle King, Robert King ; produced by Bernadette Caulfield ; written by Michelle King, Robert King, Dee Johnson, Todd Ellis Kessler, Ted Humphrey [and others] ; directed by Charles McDougall, Scott Ellis, Daniel Minahan, Gloria Muzo, Rod Holcomb [and others]. _c2010 |
|
| 300 |
_a6 videodiscs (approximately 16 hr., 36 min.) : _bsound, color ; _c4 3/4 in. |
||
| 336 | _atwo-dimensional moving image | ||
| 337 | _avideo | ||
| 338 | _avideodisc | ||
| 500 | _aDolby digital 5.1, anamorphic wide screen 1.77:1. | ||
| 500 | _aFeatures: deleted scenes with commentary; on-air promos; The education of Alicia Florrick making season one; Aftermath : real-life events; cast and crew commentaries. | ||
| 505 | 0 | _aDisc 1: Pilot -- Stripped -- Home -- Fixed ; Disc 2: Crash -- Conjugal -- Unorthodox -- Unprepared ; Disc 3: Threesome -- Lifeguard -- Infamy -- Painkiller ; Disc 4: Bad -- Hi -- Bang -- Fleas ; Disc 5: Heart -- Doubt -- Boom -- Mock ; Disc 6: Unplugged -- Hybristophilia -- Running. | |
| 511 | 1 | _aJulianna Margulies, Matt Czuchry, Archie Panjabi, Josh Charles, Christine Baranski, Chris Noth. | |
| 518 | _aOriginally broadcast on television 2009-2010. | ||
| 520 | _aFollows a politician's wife who pursues her own career as a defense attorney after her husband is sent to jail on charges of corruption. | ||
| 521 | _aNot rated. | ||
| 521 |
_aDVD _bMidwest Tape |
||
| 540 | _aFor private home use only. | ||
| 546 | _aIn English with optional Portuguese or Spanish subtitles. | ||
| 546 | _aSubtitled for the deaf and hard of hearing. | ||
| 650 | 0 |
_aWomen lawyers _vFiction. _95678703 |
|
| 650 | 0 |
_aTrials _vFiction. _95690911 |
|
| 650 | 0 |
_aSpouses _vFiction. _95686617 |
|
| 650 | 0 |
_aTelevision programs. _96019658 |
|
| 650 | 7 |
_aSpouses. _2fast _96019659 |
|
| 650 | 7 |
_aTelevision programs. _2fast _96019658 |
|
| 650 | 7 |
_aTrials. _2fast _96019660 |
|
| 650 | 7 |
_aWomen lawyers. _2fast _96019661 |
|
| 655 | 7 |
_aFiction. _2fast _95673940 |
|
| 700 | 1 |
_aMargulies, Julianna, _d1966- _eactor. _4act _965490 |
|
| 700 | 1 |
_aMcDougall, Charles, _edirector. _4drt _95773524 |
|
| 700 | 1 |
_aEllis, Scott, _edirector. _4drt _96019662 |
|
| 942 |
_cDVD _2ddc |
||
| 948 |
_a02/06/2020 _zSirsi |
||
| 999 |
_c324263 _d324262 |
||